Detalles MARC
| 000 -LEADER |
| campo de control de longitud fija |
02126cam a22004574i 4500 |
| 003 - IDENTIFICADOR DE NÚMERO DE CONTROL |
| campo de control |
PE-LiUPU |
| 005 - FECHA Y HORA DE LA ÚLTIMA TRANSACCIÓN |
| campo de control |
20250731183347.0 |
| 008 - DATOS DE LONGITUD FIJA--INFORMACIÓN GENERAL |
| campo de control de longitud fija |
080316s2007 sp 000 0 baq d |
| 020 ## - NÚMERO INTERNACIONAL ESTÁNDAR DEL LIBRO |
| Número Internacional Estándar del Libro |
8479075791 |
| 020 ## - NÚMERO INTERNACIONAL ESTÁNDAR DEL LIBRO |
| Número Internacional Estándar del Libro |
9788479075798 |
| 035 ## - NÚMERO DE CONTROL DEL SISTEMA |
| Número de control de sistema |
(Sirsi) i9788479075798 |
| 040 ## - FUENTE DE CATALOGACIÓN |
| Centro catalogador/agencia de origen |
GBVCP |
| Lengua de catalogación |
spa |
| Normas de descripción |
rakwb |
| Centro/agencia transcriptor |
GBVCP |
| Centro/agencia modificador |
PE-LiUPU |
| 041 0# - CÓDIGO DE IDIOMA |
| Código de lengua del texto/banda sonora o título independiente |
baq |
| -- |
eng |
| -- |
spa |
| 049 ## - FONDOS LOCALES (OCLC) |
| Biblioteca depositaria |
PRUA |
| 082 04 - NÚMERO DE LA CLASIFICACIÓN DECIMAL DEWEY |
| Número de clasificación |
747 |
| Cutter |
E7 |
| Número de edición |
20 |
| 245 00 - MENCIÓN DEL TÍTULO |
| Título |
Eraiki, bete, hustu : |
| Resto del título |
espazioaren erabilerak ; [Adrian Tyler, Edward Burtynsky, Joel Meyerowitz ; erakusketa 2007ko azaroak 29 - 2008ko otsailak 9, Koldo Mitxelena Kulturunea] = Construir, habitar, desocupar = Constructing, dwelling, clearing / |
| Mención de responsabilidad, etc. |
[textos Ramon Esparza]. |
| 246 3# - FORMA VARIANTE DEL TITULO |
| Título propio/Titulo breve |
Constructing, dwelling, clearing |
| 246 3# - FORMA VARIANTE DEL TITULO |
| Título propio/Titulo breve |
Construir, habitar, desocupar |
| 264 3# - PRODUCCIÓN, PUBLICACIÓN, DISTRIBUCIÓN, FABRICACIÓN Y COPYRIGHT |
| Producción, publicación, distribución, fabricación y copyright |
San Sebastián : |
| Nombre del de productor, editor, distribuidor, fabricante |
Koldo Mitxelena Kulturunea, |
| Fecha de producción, publicación, distribución, fabricación o copyright |
2007. |
| 300 ## - DESCRIPCIÓN FÍSICA |
| Extensión |
122 páginas : |
| Otras características físicas |
zahlr. Ill ; |
| Dimensiones |
28 centímetros. |
| 336 ## - TIPO DE CONTENIDO |
| -- |
ext |
| Fuente |
rdacontent |
| 337 ## - TIPO DE MEDIO |
| -- |
nmediated |
| Fuente |
rdamedia |
| 338 ## - TIPO DE SOPORTE |
| -- |
olume |
| Fuente |
rdacarrier |
| 500 ## - NOTA GENERAL |
| Nota general |
The work of the photographers Adrian Tyler (1963-), Edward Burtynsky (1955-) and Joel Meyerowitz (1938-) |
| 505 2# - NOTA DE CONTENIDO CON FORMATO |
| Nota de contenido con formato |
Eraiki, bete, hustu -- Construir, habitar, desocupar -- Constructing, dwelling, clearing -- Eraiki, construir, constructing -- Bete, habitar, dwelling -- Hustu, desocupar, clearing. |
| 526 ## - NOTA DE INFORMACIÓN SOBRE EL PROGRAMA DE ESTUDIO |
| Nombre del programa |
Maestría Bim Facility Management (A distancia) |
| 526 ## - NOTA DE INFORMACIÓN SOBRE EL PROGRAMA DE ESTUDIO |
| Nombre del programa |
|
| 526 ## - NOTA DE INFORMACIÓN SOBRE EL PROGRAMA DE ESTUDIO |
| Nombre del programa |
Educación musical y artes |
| 526 ## - NOTA DE INFORMACIÓN SOBRE EL PROGRAMA DE ESTUDIO |
| Nombre del programa |
Educación, especialidad educación física |
| 526 ## - NOTA DE INFORMACIÓN SOBRE EL PROGRAMA DE ESTUDIO |
| Nombre del programa |
Arquitectura |
| 541 ## - NOTA DE FUENTE DE ADQUISICIÓN DIRECTA |
| -- |
003-001197; |
| 596 ## - |
| -- |
1 |
| 700 1# - ENTRADA AGREGADA--NOMBRE PERSONAL |
| Nombre de persona |
Burtynsky, Edward |
| Número de control del registro de autoridad o número normalizado |
(DE-601)366750941 |
| -- |
(DE-588)124822282 |
| 700 1# - ENTRADA AGREGADA--NOMBRE PERSONAL |
| Nombre de persona |
Esparza, Ramon |
| 700 1# - ENTRADA AGREGADA--NOMBRE PERSONAL |
| Nombre de persona |
Meyerowitz, Joel |
| Número de control del registro de autoridad o número normalizado |
(DE-601)080111238 |
| -- |
(DE-588)119304465 |
| 700 1# - ENTRADA AGREGADA--NOMBRE PERSONAL |
| Nombre de persona |
Tyler, Adrian |
| 942 ## - ELEMENTOS DE ENTRADA SECUNDARIOS (KOHA) |
| Fuente del sistema de clasificación o colocación |
Clasificación Decimal Dewey |
| Tipo de ítem Koha |
|
| 949 ## - PROCESAMIENTO DE INFORMACIÓN LOCAL (OCLC) |
| a |
747 E7 |
| w |
DEWEY |
| c |
1 |
| i |
73934 |
| l |
CCODEBUL1 |
| m |
BUL |
| p |
18.95 |
| r |
0 |
| s |
Y |
| t |
BOOK |
| u |
2016-6-22 |
| x |
INGENIERIA |
| -- |
P06 |
| 0 |
COMPRA |
| o |
.STAFF. Colección General |
| 994 ## - |
| -- |
C0 |
| -- |
PEPRU |
| 999 ## - NÚMEROS DE CONTROL DE SISTEMA (KOHA) |
| -- |
DEWEY |
| -- |
73934 |
| -- |
2021-11-10 |
| -- |
6 |
| -- |
CCODEBUL1 |
| -- |
BUL |
| -- |
18.95 |
| -- |
0 |
| -- |
Y |
| -- |
BOOK |
| -- |
2016-6-22 |
| -- |
INGENIERIA |
| -- |
P06 |
| -- |
COMPRA |
| -- |
.STAFF. Colección General |
| 980 ## - EQUIVALENCIA O REFERENCIA-CRUZADA-MENCIÓN DE SERIE--NOMBRE DE PERSONA/TÍTULO [LOCAL, CANADÁ] |
| ID del último usuario que modificó el registro |
1 |
| Nombre del último usuario que modificó el registro |
ALBERTO SANCHEZ Responsable de Automatización |